00432nam a2200157Ia 45000010006000000050017000060080041000230410008000640820016000721000031000882450102001192600009002213000028002306500008002586540008002662095520260306172844.0260306t2009||||xx |||||||||||||| ||spa|| aESP a343.81bA93 aAyala Zavala, PascualeAUT 0aLibros y registros vinculados a asuntos tributarios en el nuevo plan contable general empresarial c2009 a631 páginas :c24 cm. aGEN aCCO